| 000 | 00588nam a2200193 a 4500 | ||
|---|---|---|---|
| 001 | 000028926 | ||
| 003 | DO-SdBNP | ||
| 005 | 20220825122006.0 | ||
| 007 | ta | ||
| 008 | 110412s1907 dr 000 0 spa d | ||
| 040 |
_aDO-SdBNP _bspa _cBNPHU |
||
| 082 |
_axxx _bC766e |
||
| 245 | 0 | 0 |
_aConvenio entre la República Dominicana y la Morton Trust Company. : _bmodificado según resolución del Congreso Nacional de mayo de 1907 / |
| 260 |
_aSanto Domingo _fFlor de Ozama _c1907. |
||
| 300 |
_a9 p. ; _c25 cm. |
||
| 590 | _aInventariado, 2022/ YL | ||
| 910 | _aYLockward | ||
| 942 |
_2ddc _cLF2 |
||
| 999 |
_c28418 _d28418 |
||